[Event "European Women's Championship"]
[Site "Vysoke Tatry"]
[Date "2018.04.19"]
[Round "11"]
[White "Gara, Ticia"]
[Black "Tsolakidou, Stavroula"]
[Result "1-0"]
[Board "16"]
[WhiteElo "2330"]
[WhiteTitle "WGM"]
[WhiteCountry "HUN"]
[WhiteFideId "717444"]
[WhiteEloChange "13"]
[BlackElo "2430"]
[BlackTitle "WGM"]
[BlackCountry "GRE"]
[BlackFideId "4264312"]
[BlackEloChange "-6"]

1. Nf3 {[%clk 1:30:57]} Nf6 {[%clk 1:30:54]} 2. c4 {[%clk 1:31:16]} e6 {[%clk
1:31:18]} 3. g3 {[%clk 1:31:14]} d5 {[%clk 1:31:30]} 4. Bg2 {[%clk 1:31:11]} dxc4
{[%clk 1:31:28]} 5. Qa4+ {[%clk 1:31:08]} Bd7 {[%clk 1:31:38]} 6. Qxc4 {[%clk
1:31:26]} c5 {[%clk 1:31:58]} 7. Ne5 {[%clk 1:31:13]} Qc8 {[%clk 1:32:18]} 8. Qd3
{[%clk 1:30:58]} Nc6 {[%clk 1:32:29]} 9. Nxd7 {[%clk 1:31:09]} Nxd7 {[%clk
1:32:53]} 10. Qb5 {[%clk 1:30:53]} Nd4 {[%clk 1:31:42]} 11. Qa4 {[%clk 1:31:19]}
Be7 {[%clk 1:31:51]} 12. e3 {[%clk 1:29:41]} Nc6 {[%clk 1:31:19]} 13. O-O {[%clk
1:27:28]} O-O {[%clk 1:28:56]} 14. Na3 {[%clk 1:13:15]} Nb6 {[%clk 1:25:08]} 15.
Qb3 {[%clk 1:04:09]} Rd8 {[%clk 1:22:26]} 16. d3 {[%clk 0:56:08]} Qd7 {[%clk
0:57:31]} 17. Rd1 {[%clk 0:54:13]} Rab8 {[%clk 0:56:54]} 18. Nc4 {[%clk 0:46:29]}
Nd5 {[%clk 0:50:10]} 19. a4 {[%clk 0:46:07]} b6 {[%clk 0:40:34]} 20. Bd2 {[%clk
0:44:06]} a6 {[%clk 0:38:57]} 21. Bc3 {[%clk 0:41:47]} Qc7 {[%clk 0:37:24]} 22.
Qc2 {[%clk 0:28:52]} Rd7 {[%clk 0:31:58]} 23. Be1 {[%clk 0:25:18]} Bf8 {[%clk
0:26:21]} 24. b3 {[%clk 0:21:18]} Ndb4 {[%clk 0:22:02]} 25. Qe2 {[%clk 0:16:16]}
b5 {[%clk 0:21:31]} 26. axb5 {[%clk 0:13:23]} axb5 {[%clk 0:21:56]} 27. Bxc6
{[%clk 0:13:06]} Nxc6 {[%clk 0:19:08]} 28. Na5 {[%clk 0:13:34]} Ne7 {[%clk
0:08:33]} 29. Rac1 {[%clk 0:11:11]} Qb6 {[%clk 0:07:18]} 30. b4 {[%clk 0:07:54]}
cxb4 {[%clk 0:06:26]} 31. Bxb4 {[%clk 0:08:21]} Nd5 {[%clk 0:06:46]} 32. Rc6
{[%clk 0:05:12]} Qa7 {[%clk 0:05:18]} 33. Bxf8 {[%clk 0:05:25]} Rxf8 {[%clk
0:03:14]} 34. Ra1 {[%clk 0:05:43]} Qa8 {[%clk 0:02:45]} 35. Rcc1 {[%clk 0:05:34]}
Ra7 {[%clk 0:02:30]} 36. Nb3 {[%clk 0:05:13]} b4 {[%clk 0:02:10]} 37. Rxa7 {[%clk
0:04:57]} Qxa7 {[%clk 0:02:36]} 38. Ra1 {[%clk 0:05:15]} Qb7 {[%clk 0:02:50]} 39.
e4 {[%clk 0:03:34]} Nc3 {[%clk 0:03:08]} 40. Qe3 {[%clk 0:34:01]} Qc8 {[%clk
0:30:33]} 41. Ra7 {[%clk 0:29:34]} e5 {[%clk 0:25:13]} 42. Kg2 {[%clk 0:28:17]}
Qe6 {[%clk 0:12:26]} 43. Nc5 {[%clk 0:24:02]} Qd6 {[%clk 0:11:26]} 44. Nb3 {[%clk
0:12:11]} Rb8 {[%clk 0:08:08]} 45. Qf3 {[%clk 0:10:06]} Rf8 {[%clk 0:06:07]} 46.
Rb7 {[%clk 0:09:06]} h6 {[%clk 0:05:51]} 47. Nd2 {[%clk 0:07:04]} Qc5 {[%clk
0:02:02]} 48. Nc4 {[%clk 0:06:32]} Nb5 {[%clk 0:02:19]} 49. Qf5 {[%clk 0:04:28]}
Nd6 {[%clk 0:00:43]} 50. Nxd6 {[%clk 0:04:48]} Qxd6 {[%clk 0:01:09]} 51. h4
{[%clk 0:03:35]} Qc5 {[%clk 0:00:43]} 52. Qd7 {[%clk 0:03:19]} Qc3 {[%clk
0:00:38]} 53. Qd5 {[%clk 0:01:57]} Kh8 {[%clk 0:00:32]} 54. Qc4 {[%clk 0:01:53]}
Qd2 {[%clk 0:00:31]} 55. Rxb4 {[%clk 0:01:11]} Rd8 {[%clk 0:00:34]} 56. Rb7
{[%clk 0:01:01]} Rf8 {[%clk 0:00:33]} 57. Rxf7 {[%clk 0:00:53]} Rxf7 {[%clk
0:00:33]} 58. Qxf7 {[%clk 0:01:21]} Qc3 {[%clk 0:00:45]} 59. Qf8+ {[%clk
0:01:38]} Kh7 {[%clk 0:01:11]} 60. Qf5+ {[%clk 0:02:04]} Kg8 {[%clk 0:01:37]} 61.
h5 {[%clk 0:02:24]} Qd4 {[%clk 0:01:45]} 62. g4 {[%clk 0:02:33]} Qd6 {[%clk
0:01:56]} 63. Qg6 {[%clk 0:02:07]} Qe7 {[%clk 0:02:08]} 64. g5 {[%clk 0:02:01]}
Qxg5+ {[%clk 0:01:21]} 65. Qxg5 {[%clk 0:02:28]} hxg5 {[%clk 0:01:46]} 66. Kg3
{[%clk 0:02:16]} Kh7 {[%clk 0:02:13]} 67. Kg4 {[%clk 0:01:46]} Kh6 {[%clk
0:02:40]} 68. Kf5 {[%clk 0:01:46]} Kxh5 {[%clk 0:02:56]} 69. Kxe5 {[%clk
0:02:00]} Kg4 {[%clk 0:03:04]} 70. d4 {[%clk 0:02:13]} Kf3 {[%clk 0:03:15]} 71.
d5 {[%clk 0:02:00]} g4 {[%clk 0:03:37]} 72. d6 {[%clk 0:02:16]} Kxf2 {[%clk
0:03:52]} 73. d7 {[%clk 0:02:38]} g3 {[%clk 0:04:17]} 74. d8Q {[%clk 0:03:04]} g2
{[%clk 0:04:42]} 75. Qd2+ {[%clk 0:03:03]} Kf1 {[%clk 0:05:07]} 76. Qf4+ {[%clk
0:03:14]} 1-0

[Event "European Women's Championship"]
[Site "Vysoke Tatry"]
[Date "2018.04.19"]
[Round "11"]
[White "Mammadova, Gulnar"]
[Black "Bulmaga, Irina"]
[Result "1/2-1/2"]
[Board "17"]
[WhiteElo "2360"]
[WhiteTitle "IM"]
[WhiteCountry "AZE"]
[WhiteFideId "13403508"]
[WhiteEloChange "2"]
[BlackElo "2414"]
[BlackTitle "IM"]
[BlackCountry "ROU"]
[BlackFideId "13903063"]
[BlackEloChange "-1"]

1. e4 {[%clk 1:30:57]} c5 {[%clk 1:30:54]} 2. Nf3 {[%clk 1:31:18]} e6 {[%clk
1:31:14]} 3. c3 {[%clk 1:31:37]} d5 {[%clk 1:31:37]} 4. exd5 {[%clk 1:31:56]}
exd5 {[%clk 1:31:59]} 5. Bb5+ {[%clk 1:31:27]} Nc6 {[%clk 1:32:22]} 6. d4 {[%clk
1:31:17]} Bd6 {[%clk 1:32:36]} 7. O-O {[%clk 1:30:31]} Ne7 {[%clk 1:32:55]} 8.
dxc5 {[%clk 1:26:18]} Bxc5 {[%clk 1:33:16]} 9. h3 {[%clk 1:26:00]} O-O {[%clk
1:32:55]} 10. Nbd2 {[%clk 1:25:57]} Ng6 {[%clk 1:31:46]} 11. Nb3 {[%clk 1:25:21]}
Bb6 {[%clk 1:31:55]} 12. Re1 {[%clk 1:23:45]} a6 {[%clk 1:23:36]} 13. Bxc6 {[%clk
1:15:53]} bxc6 {[%clk 1:23:58]} 14. Be3 {[%clk 1:16:13]} Bc7 {[%clk 1:19:57]} 15.
Bc5 {[%clk 1:14:09]} Re8 {[%clk 1:18:39]} 16. Nbd4 {[%clk 1:08:19]} Rxe1+ {[%clk
1:16:26]} 17. Qxe1 {[%clk 1:06:58]} Bd7 {[%clk 1:16:37]} 18. Qe3 {[%clk 1:04:35]}
h6 {[%clk 1:14:20]} 19. Ne2 {[%clk 0:57:58]} Qf6 {[%clk 1:10:07]} 20. Bd4 {[%clk
0:53:44]} Qe6 {[%clk 1:07:30]} 21. Qd2 {[%clk 0:52:23]} Re8 {[%clk 1:04:03]} 22.
Re1 {[%clk 0:51:03]} Qd6 {[%clk 1:03:23]} 23. b4 {[%clk 0:44:57]} Nh4 {[%clk
1:02:58]} 24. Ng3 {[%clk 0:39:58]} Nxf3+ {[%clk 1:02:51]} 25. gxf3 {[%clk
0:40:26]} Rxe1+ {[%clk 1:02:04]} 26. Qxe1 {[%clk 0:40:53]} h5 {[%clk 0:59:52]}
27. h4 {[%clk 0:37:20]} Qg6 {[%clk 0:49:11]} 28. Kg2 {[%clk 0:35:27]} Bd6 {[%clk
0:40:47]} 29. Qe2 {[%clk 0:31:15]} Qe6 {[%clk 0:33:25]} 30. Qxe6 {[%clk 0:28:42]}
fxe6 {[%clk 0:31:13]} 31. Nxh5 {[%clk 0:28:47]} e5 {[%clk 0:31:38]} 32. Be3
{[%clk 0:26:10]} Bf5 {[%clk 0:28:00]} 33. Ng3 {[%clk 0:20:00]} Bd3 {[%clk
0:28:27]} 34. Kh3 {[%clk 0:20:22]} d4 {[%clk 0:19:14]} 35. Bd2 {[%clk 0:17:46]}
a5 {[%clk 0:19:17]} 36. a3 {[%clk 0:09:42]} a4 {[%clk 0:12:00]} 37. Kg4 {[%clk
0:06:11]} Kf7 {[%clk 0:09:33]} 38. Ne4 {[%clk 0:03:36]} Ke6 {[%clk 0:03:09]} 39.
h5 {[%clk 0:02:01]} Bxe4 {[%clk 0:01:11]} 40. fxe4 {[%clk 0:32:22]} c5 {[%clk
0:30:45]} 41. Kg5 {[%clk 0:14:12]} dxc3 {[%clk 0:19:50]} 42. Bxc3 {[%clk
0:14:32]} cxb4 {[%clk 0:18:11]} 43. axb4 {[%clk 0:15:00]} Kf7 {[%clk 0:13:24]}
44. Kf5 {[%clk 0:12:07]} a3 {[%clk 0:13:04]} 45. b5 {[%clk 0:12:03]} Bc7 {[%clk
0:13:08]} 46. f3 {[%clk 0:10:24]} a2 {[%clk 0:03:59]} 47. Ba1 {[%clk 0:10:29]}
Bd8 {[%clk 0:03:06]} 48. f4 {[%clk 0:05:45]} exf4 {[%clk 0:02:52]} 49. Kxf4
{[%clk 0:06:11]} Ke6 {[%clk 0:02:16]} 50. e5 {[%clk 0:05:44]} Bb6 {[%clk
0:02:10]} 51. Ke4 {[%clk 0:06:03]} Bc7 {[%clk 0:02:18]} 52. Bb2 {[%clk 0:05:49]}
Ba5 {[%clk 0:02:10]} 53. Kd3 {[%clk 0:04:48]} Bc7 {[%clk 0:01:53]} 54. Ke4 {[%clk
0:05:01]} Bd8 {[%clk 0:02:01]} 55. Ba1 {[%clk 0:05:00]} Bb6 {[%clk 0:02:18]} 56.
Bb2 {[%clk 0:05:14]} 1/2-1/2

[Event "European Women's Championship"]
[Site "Vysoke Tatry"]
[Date "2018.04.19"]
[Round "11"]
[White "Zimina, Olga"]
[Black "Balajayeva, Khanim"]
[Result "1/2-1/2"]
[Board "18"]
[WhiteElo "2414"]
[WhiteTitle "IM"]
[WhiteCountry "ITA"]
[WhiteFideId "4132190"]
[WhiteEloChange "-1"]
[BlackElo "2348"]
[BlackTitle "WFM"]
[BlackCountry "AZE"]
[BlackFideId "13406396"]
[BlackEloChange "2"]

1. c4 {[%clk 1:30:55]} e6 {[%clk 1:30:41]} 2. g3 {[%clk 1:31:17]} d5 {[%clk
1:31:02]} 3. Bg2 {[%clk 1:31:41]} dxc4 {[%clk 1:23:04]} 4. Qa4+ {[%clk 1:30:35]}
Nd7 {[%clk 1:22:21]} 5. Qxc4 {[%clk 1:30:50]} a6 {[%clk 1:20:15]} 6. Qb3 {[%clk
1:31:03]} Ngf6 {[%clk 1:20:04]} 7. d3 {[%clk 1:29:54]} Be7 {[%clk 1:18:04]} 8.
Nf3 {[%clk 1:28:57]} O-O {[%clk 1:16:11]} 9. O-O {[%clk 1:29:11]} c5 {[%clk
1:12:57]} 10. a4 {[%clk 1:28:38]} Qc7 {[%clk 1:10:38]} 11. a5 {[%clk 1:19:16]}
Rb8 {[%clk 1:08:57]} 12. Nbd2 {[%clk 1:19:31]} b5 {[%clk 1:08:04]} 13. axb6
{[%clk 1:19:39]} Nxb6 {[%clk 1:07:09]} 14. Nc4 {[%clk 1:15:55]} Nxc4 {[%clk
1:04:59]} 15. Qxc4 {[%clk 1:13:41]} Rb4 {[%clk 0:59:57]} 16. Qc2 {[%clk 1:13:27]}
Bb7 {[%clk 0:58:50]} 17. e4 {[%clk 0:57:20]} Rd8 {[%clk 0:50:10]} 18. Bd2 {[%clk
0:36:42]} Rb5 {[%clk 0:50:05]} 19. Rfc1 {[%clk 0:37:04]} Qb6 {[%clk 0:28:09]} 20.
Ra2 {[%clk 0:34:44]} Nd7 {[%clk 0:14:40]} 21. Bc3 {[%clk 0:19:05]} Bf6 {[%clk
0:14:28]} 22. Nd2 {[%clk 0:18:37]} Bxc3 {[%clk 0:13:01]} 23. Nc4 {[%clk 0:18:47]}
Qc7 {[%clk 0:12:49]} 24. Qxc3 {[%clk 0:16:00]} Nb6 {[%clk 0:12:31]} 25. Na5
{[%clk 0:16:19]} Qb8 {[%clk 0:10:34]} 26. Nxb7 {[%clk 0:12:02]} Qxb7 {[%clk
0:11:02]} 27. Qa3 {[%clk 0:10:53]} Nd7 {[%clk 0:08:44]} 28. Bf1 {[%clk 0:08:09]}
Rb6 {[%clk 0:07:27]} 29. Qc3 {[%clk 0:07:25]} Rb3 {[%clk 0:05:07]} 30. Qa5 {[%clk
0:06:41]} Qb6 {[%clk 0:03:47]} 31. Qxb6 {[%clk 0:05:56]} Rxb6 {[%clk 0:04:11]}
32. f4 {[%clk 0:06:16]} f6 {[%clk 0:03:18]} 33. Rca1 {[%clk 0:03:21]} Ra8 {[%clk
0:02:59]} 34. Kf2 {[%clk 0:03:28]} Rab8 {[%clk 0:02:08]} 35. Ke3 {[%clk 0:03:38]}
Rxb2 {[%clk 0:02:26]} 36. Rxb2 {[%clk 0:03:33]} Rxb2 {[%clk 0:02:53]} 37. Rxa6
{[%clk 0:03:57]} Rxh2 {[%clk 0:00:40]} 38. Rxe6 {[%clk 0:04:22]} Kf7 {[%clk
0:01:08]} 39. Rc6 {[%clk 0:04:34]} g5 {[%clk 0:00:48]} 40. Be2 {[%clk 0:34:15]}
h5 {[%clk 0:30:39]} 41. Bd1 {[%clk 0:21:16]} Rh3 {[%clk 0:19:57]} 42. Kf2 {[%clk
0:19:48]} gxf4 {[%clk 0:19:29]} 43. gxf4 {[%clk 0:17:55]} Rxd3 {[%clk 0:19:20]}
44. Bxh5+ {[%clk 0:18:19]} Ke7 {[%clk 0:19:54]} 45. Bg4 {[%clk 0:18:22]} Rd6
{[%clk 0:11:38]} 46. Rc8 {[%clk 0:17:06]} Nf8 {[%clk 0:10:28]} 47. Rc7+ {[%clk
0:16:03]} Nd7 {[%clk 0:10:11]} 48. Rc8 {[%clk 0:10:18]} Nf8 {[%clk 0:10:29]} 49.
Rxc5 {[%clk 0:09:55]} Ne6 {[%clk 0:10:35]} 50. Bxe6 {[%clk 0:09:51]} Kxe6 {[%clk
0:10:50]} 51. f5+ {[%clk 0:05:23]} Ke7 {[%clk 0:09:46]} 52. Rc7+ {[%clk 0:05:34]}
Ke8 {[%clk 0:10:09]} 53. Ke3 {[%clk 0:05:54]} Rd1 {[%clk 0:10:14]} 54. Ra7 {[%clk
0:05:37]} Kf8 {[%clk 0:09:41]} 55. Ra4 {[%clk 0:05:45]} Ke7 {[%clk 0:09:38]} 56.
Ra7+ {[%clk 0:05:26]} Kf8 {[%clk 0:10:05]} 57. Ra3 {[%clk 0:03:39]} Ke7 {[%clk
0:09:45]} 58. Kf4 {[%clk 0:03:19]} Rf1+ {[%clk 0:09:50]} 59. Rf3 {[%clk 0:02:54]}
Re1 {[%clk 0:10:05]} 60. Rh3 {[%clk 0:03:05]} Rf1+ {[%clk 0:10:00]} 61. Ke3
{[%clk 0:03:29]} Re1+ {[%clk 0:09:50]} 62. Kd4 {[%clk 0:03:52]} Rd1+ {[%clk
0:08:36]} 63. Rd3 {[%clk 0:04:04]} Ra1 {[%clk 0:07:43]} 64. Rb3 {[%clk 0:03:57]}
Rd1+ {[%clk 0:07:12]} 65. Kc3 {[%clk 0:03:48]} Re1 {[%clk 0:07:01]} 66. Rb7+
{[%clk 0:04:14]} Ke8 {[%clk 0:06:45]} 67. Kd4 {[%clk 0:04:34]} Rd1+ {[%clk
0:06:13]} 68. Kc5 {[%clk 0:05:02]} Kf8 {[%clk 0:06:10]} 69. Rb6 {[%clk 0:05:18]}
Ke7 {[%clk 0:06:25]} 70. Re6+ {[%clk 0:05:45]} Kf7 {[%clk 0:06:53]} 71. Rd6
{[%clk 0:06:10]} Rc1+ {[%clk 0:06:55]} 72. Kd5 {[%clk 0:06:37]} Ke7 {[%clk
0:06:32]} 73. Re6+ {[%clk 0:06:44]} Kf7 {[%clk 0:07:00]} 74. Rc6 {[%clk 0:05:22]}
Rd1+ {[%clk 0:07:13]} 75. Kc5 {[%clk 0:05:47]} Rd2 {[%clk 0:07:15]} 76. Rc7+
{[%clk 0:06:11]} Ke8 {[%clk 0:07:27]} 77. Ra7 {[%clk 0:06:15]} Rd1 {[%clk
0:07:38]} 78. Ra6 {[%clk 0:04:46]} Ke7 {[%clk 0:07:59]} 79. Re6+ {[%clk 0:05:06]}
Kf7 {[%clk 0:08:24]} 80. Kc6 {[%clk 0:05:28]} Rd4 {[%clk 0:08:25]} 81. Kc7 {[%clk
0:05:48]} Rc4+ {[%clk 0:08:37]} 82. Kd6 {[%clk 0:05:41]} Rd4+ {[%clk 0:09:04]}
83. Kc5 {[%clk 0:06:04]} Rd1 {[%clk 0:09:11]} 84. Rd6 {[%clk 0:05:44]} Rc1+
{[%clk 0:09:18]} 85. Kd5 {[%clk 0:06:06]} Rd1+ {[%clk 0:08:58]} 86. Kc6 {[%clk
0:06:28]} Rc1+ {[%clk 0:09:18]} 87. Kd7 {[%clk 0:04:59]} Rc4 {[%clk 0:09:36]} 88.
Re6 {[%clk 0:05:25]} Rd4+ {[%clk 0:10:02]} 89. Kc6 {[%clk 0:05:50]} Rd1 {[%clk
0:09:46]} 90. Kc5 {[%clk 0:06:10]} Rc1+ {[%clk 0:09:53]} 91. Kd4 {[%clk 0:06:36]}
Rd1+ {[%clk 0:10:12]} 92. Ke3 {[%clk 0:07:02]} Re1+ {[%clk 0:10:26]} 93. Kf2
{[%clk 0:07:25]} Rc1 {[%clk 0:09:58]} 94. Ra6 {[%clk 0:07:36]} Ke7 {[%clk
0:09:03]} 95. Ra7+ {[%clk 0:07:10]} Kf8 {[%clk 0:09:27]} 96. Kf3 {[%clk 0:07:11]}
Re1 {[%clk 0:09:37]} 97. Kf4 {[%clk 0:06:15]} Re2 {[%clk 0:09:26]} 98. Kg4 {[%clk
0:05:16]} Rxe4+ {[%clk 0:05:47]} 99. Kh5 {[%clk 0:05:38]} Rb4 {[%clk 0:04:56]}
100. Kg6 {[%clk 0:05:44]} Rc4 {[%clk 0:03:44]} 101. Ra6 {[%clk 0:05:12]} Rb4
{[%clk 0:00:41]} 102. Rxf6+ {[%clk 0:03:46]} Kg8 {[%clk 0:01:00]} 103. Re6 {[%clk
0:03:51]} Rg4+ {[%clk 0:00:49]} 104. Kf6 {[%clk 0:04:19]} Ra4 {[%clk 0:01:13]}
105. Re8+ {[%clk 0:04:44]} Kh7 {[%clk 0:01:40]} 106. Kf7 {[%clk 0:05:06]} Ra7+
{[%clk 0:01:59]} 107. Re7 {[%clk 0:04:51]} Ra8 {[%clk 0:02:23]} 108. f6 {[%clk
0:05:16]} Rb8 {[%clk 0:02:40]} 109. Re8 {[%clk 0:03:47]} Rb7+ {[%clk 0:03:05]}
110. Ke6 {[%clk 0:03:38]} Rb6+ {[%clk 0:03:17]} 111. Kf5 {[%clk 0:03:58]} Rb5+
{[%clk 0:02:35]} 112. Re5 {[%clk 0:04:20]} Rb1 {[%clk 0:02:29]} 113. Re8 {[%clk
0:03:49]} Rb5+ {[%clk 0:02:52]} 114. Ke6 {[%clk 0:04:10]} Rb6+ {[%clk 0:03:21]}
115. Kf7 {[%clk 0:04:21]} Rb7+ {[%clk 0:03:44]} 116. Re7 {[%clk 0:04:14]} Rb8
{[%clk 0:04:12]} 117. Re6 {[%clk 0:04:31]} Ra8 {[%clk 0:03:25]} 118. Re7 {[%clk
0:03:05]} Rb8 {[%clk 0:03:51]} 119. Ra7 {[%clk 0:03:30]} Kh6 {[%clk 0:03:54]}
120. Ke6 {[%clk 0:02:56]} Rb6+ {[%clk 0:02:37]} 121. Ke7 {[%clk 0:03:10]} Rb8
{[%clk 0:03:04]} 122. Kf7 {[%clk 0:03:09]} Kh7 {[%clk 0:03:28]} 123. Rd7 {[%clk
0:03:34]} Ra8 {[%clk 0:03:23]} 124. Rd6 {[%clk 0:03:30]} Ra7+ {[%clk 0:03:14]}
125. Kf8 {[%clk 0:03:15]} Ra8+ {[%clk 0:03:24]} 126. Kf7 {[%clk 0:03:33]} Ra7+
{[%clk 0:03:52]} 127. Kf8 {[%clk 0:03:09]} Ra8+ {[%clk 0:04:21]} 128. Ke7 {[%clk
0:03:31]} Kg8 {[%clk 0:02:39]} 129. Rd1 {[%clk 0:02:58]} Ra7+ {[%clk 0:02:55]}
130. Ke6 {[%clk 0:03:23]} Ra6+ {[%clk 0:03:15]} 131. Kf5 {[%clk 0:03:32]} Ra2
{[%clk 0:03:14]} 132. Rd8+ {[%clk 0:03:40]} Kf7 {[%clk 0:03:38]} 133. Rd7+ {[%clk
0:04:05]} Kf8 {[%clk 0:04:02]} 134. Rd5 {[%clk 0:03:43]} Kf7 {[%clk 0:04:08]}
135. Rd7+ {[%clk 0:04:08]} Kf8 {[%clk 0:04:36]} 136. Ke4 {[%clk 0:04:08]} 1/2-1/2

[Event "European Women's Championship"]
[Site "Vysoke Tatry"]
[Date "2018.04.19"]
[Round "11"]
[White "Unuk, Laura"]
[Black "Nechaeva, Marina"]
[Result "1-0"]
[Board "19"]
[WhiteElo "2329"]
[WhiteTitle "WIM"]
[WhiteCountry "SLO"]
[WhiteFideId "14609215"]
[WhiteEloChange "12"]
[BlackElo "2413"]
[BlackTitle "IM"]
[BlackCountry "RUS"]
[BlackFideId "4149351"]
[BlackEloChange "-6"]

1. d4 {[%clk 1:30:56]} d5 {[%clk 1:30:57]} 2. c4 {[%clk 1:31:16]} c6 {[%clk
1:31:23]} 3. Nf3 {[%clk 1:31:38]} Nf6 {[%clk 1:31:49]} 4. e3 {[%clk 1:31:57]} Bf5
{[%clk 1:32:15]} 5. Nc3 {[%clk 1:32:06]} e6 {[%clk 1:32:41]} 6. Nh4 {[%clk
1:32:12]} Be4 {[%clk 1:33:08]} 7. f3 {[%clk 1:32:34]} Bg6 {[%clk 1:33:35]} 8. Qb3
{[%clk 1:32:53]} Qc7 {[%clk 1:34:01]} 9. Bd2 {[%clk 1:32:24]} Be7 {[%clk
1:34:19]} 10. g3 {[%clk 1:32:08]} Bh5 {[%clk 1:34:45]} 11. e4 {[%clk 1:23:10]}
dxe4 {[%clk 1:03:27]} 12. fxe4 {[%clk 1:21:09]} Nfd7 {[%clk 1:01:11]} 13. Ng2
{[%clk 1:12:37]} e5 {[%clk 1:01:35]} 14. d5 {[%clk 1:11:42]} Nc5 {[%clk 0:58:04]}
15. Qc2 {[%clk 1:11:56]} a5 {[%clk 0:52:01]} 16. Ne3 {[%clk 1:09:40]} Nba6 {[%clk
0:45:41]} 17. a3 {[%clk 1:02:45]} O-O {[%clk 0:45:59]} 18. h4 {[%clk 0:49:28]}
Bf3 {[%clk 0:42:06]} 19. Rh2 {[%clk 0:48:55]} a4 {[%clk 0:42:31]} 20. Rb1 {[%clk
0:22:16]} Nb3 {[%clk 0:39:08]} 21. Nxa4 {[%clk 0:22:14]} Nd4 {[%clk 0:38:27]} 22.
Qd3 {[%clk 0:22:09]} b5 {[%clk 0:37:27]} 23. cxb5 {[%clk 0:21:06]} cxb5 {[%clk
0:37:53]} 24. Rc1 {[%clk 0:21:19]} Qb7 {[%clk 0:26:46]} 25. Nc2 {[%clk 0:20:36]}
Bxe4 {[%clk 0:21:47]} 26. Qxe4 {[%clk 0:21:00]} bxa4 {[%clk 0:22:14]} 27. Nxd4
{[%clk 0:16:47]} exd4 {[%clk 0:22:42]} 28. Bd3 {[%clk 0:15:48]} g6 {[%clk
0:23:01]} 29. Qxd4 {[%clk 0:15:42]} Bd6 {[%clk 0:23:10]} 30. Re2 {[%clk 0:10:09]}
Bxg3+ {[%clk 0:22:12]} 31. Kd1 {[%clk 0:07:30]} Rad8 {[%clk 0:21:06]} 32. Bh6
{[%clk 0:02:06]} f6 {[%clk 0:21:19]} 33. Bxf8 {[%clk 0:02:22]} Be5 {[%clk
0:20:58]} 34. Rxe5 {[%clk 0:01:02]} fxe5 {[%clk 0:21:23]} 35. Qc4 {[%clk
0:00:35]} Rxf8 {[%clk 0:20:29]} 36. Qxa6 {[%clk 0:01:01]} Qxb2 {[%clk 0:20:56]}
37. Qe6+ {[%clk 0:00:39]} Kh8 {[%clk 0:21:13]} 38. Rc8 {[%clk 0:00:36]} Qa1+
{[%clk 0:16:33]} 39. Ke2 {[%clk 0:00:35]} Qf1+ {[%clk 0:16:35]} 40. Kd2 {[%clk
0:31:02]} Qf2+ {[%clk 0:46:47]} 41. Be2 {[%clk 0:28:21]} Qd4+ {[%clk 0:47:12]}
42. Kc2 {[%clk 0:28:27]} Rxc8+ {[%clk 0:47:37]} 43. Qxc8+ {[%clk 0:28:53]} Kg7
{[%clk 0:48:04]} 44. Qc7+ {[%clk 0:26:52]} Kh6 {[%clk 0:47:17]} 45. d6 {[%clk
0:25:05]} Qe4+ {[%clk 0:46:45]} 46. Bd3 {[%clk 0:24:58]} Qg2+ {[%clk 0:47:10]}
47. Kb1 {[%clk 0:21:00]} Qg3 {[%clk 0:46:38]} 48. Bc2 {[%clk 0:20:11]} e4 {[%clk
0:47:05]} 49. Qe7 {[%clk 0:18:31]} Qxa3 {[%clk 0:45:57]} 50. Qf8+ {[%clk
0:18:34]} Kh5 {[%clk 0:46:23]} 51. Bd1+ {[%clk 0:18:55]} Kxh4 {[%clk 0:46:45]}
52. Qf4+ {[%clk 0:18:07]} Kh3 {[%clk 0:47:11]} 53. Bg4+ {[%clk 0:18:10]} Kg2
{[%clk 0:47:32]} 54. Qxe4+ {[%clk 0:18:36]} Kg1 {[%clk 0:46:45]} 55. Qd4+ {[%clk
0:18:18]} Kg2 {[%clk 0:46:56]} 1-0

[Event "European Women's Championship"]
[Site "Vysoke Tatry"]
[Date "2018.04.19"]
[Round "11"]
[White "Gaponenko, Inna"]
[Black "Babiy, Olga"]
[Result "1-0"]
[Board "20"]
[WhiteElo "2406"]
[WhiteTitle "IM"]
[WhiteCountry "UKR"]
[WhiteFideId "14101181"]
[WhiteEloChange "4"]
[BlackElo "2318"]
[BlackTitle "WGM"]
[BlackCountry "UKR"]
[BlackFideId "14117258"]
[BlackEloChange "-8"]

1. e4 {[%clk 1:30:56]} c5 {[%clk 1:30:56]} 2. Nf3 {[%clk 1:31:22]} e6 {[%clk
1:31:22]} 3. d4 {[%clk 1:31:47]} cxd4 {[%clk 1:31:48]} 4. Nxd4 {[%clk 1:32:15]}
Nc6 {[%clk 1:32:12]} 5. Nc3 {[%clk 1:32:40]} Qc7 {[%clk 1:32:38]} 6. f4 {[%clk
1:32:56]} a6 {[%clk 1:32:46]} 7. Nxc6 {[%clk 1:33:18]} Qxc6 {[%clk 1:32:57]} 8.
Bd3 {[%clk 1:33:42]} b5 {[%clk 1:32:57]} 9. Qe2 {[%clk 1:34:04]} Bb7 {[%clk
1:33:18]} 10. Bd2 {[%clk 1:34:25]} Rc8 {[%clk 1:33:25]} 11. a4 {[%clk 1:05:32]}
b4 {[%clk 1:28:59]} 12. Nd5 {[%clk 1:05:49]} Nf6 {[%clk 1:24:28]} 13. Nxb4 {[%clk
0:21:58]} Bxb4 {[%clk 1:24:30]} 14. Bxb4 {[%clk 0:22:25]} Nxe4 {[%clk 1:24:29]}
15. c3 {[%clk 0:21:25]} Nf6 {[%clk 1:18:08]} 16. O-O {[%clk 0:19:48]} d6 {[%clk
1:16:41]} 17. Rad1 {[%clk 0:10:04]} Rd8 {[%clk 1:16:35]} 18. a5 {[%clk 0:08:55]}
h5 {[%clk 1:06:23]} 19. Rd2 {[%clk 0:05:13]} O-O {[%clk 1:00:26]} 20. Bc2 {[%clk
0:04:52]} Rfe8 {[%clk 0:52:30]} 21. Qd1 {[%clk 0:04:41]} Re7 {[%clk 0:47:28]} 22.
Re1 {[%clk 0:00:43]} Ba8 {[%clk 0:40:53]} 23. Ree2 {[%clk 0:01:12]} Nd5 {[%clk
0:32:48]} 24. Be4 {[%clk 0:01:40]} Qc7 {[%clk 0:33:07]} 25. Bxd5 {[%clk 0:02:07]}
Bxd5 {[%clk 0:33:34]} 26. Rd4 {[%clk 0:00:43]} Red7 {[%clk 0:33:02]} 27. Rf2
{[%clk 0:00:46]} Ba8 {[%clk 0:21:13]} 28. Qxh5 {[%clk 0:00:58]} e5 {[%clk
0:21:38]} 29. Rd3 {[%clk 0:00:37]} e4 {[%clk 0:21:14]} 30. Rh3 {[%clk 0:01:03]}
f6 {[%clk 0:21:01]} 31. f5 {[%clk 0:01:02]} Qc4 {[%clk 0:19:22]} 32. Rf4 {[%clk
0:00:44]} Kf8 {[%clk 0:15:51]} 33. Qg6 {[%clk 0:00:45]} Rf7 {[%clk 0:16:03]} 34.
Qg3 {[%clk 0:00:41]} Qd5 {[%clk 0:13:32]} 35. Rf1 {[%clk 0:00:45]} Ke7 {[%clk
0:12:41]} 36. Qe3 {[%clk 0:01:05]} Bc6 {[%clk 0:12:22]} 37. Rh4 {[%clk 0:01:20]}
Kd7 {[%clk 0:12:18]} 38. h3 {[%clk 0:01:28]} Bb7 {[%clk 0:09:01]} 39. Rf2 {[%clk
0:01:23]} Kc8 {[%clk 0:08:17]} 40. Rhf4 {[%clk 0:31:15]} Re7 {[%clk 0:36:46]} 41.
Rd2 {[%clk 0:27:17]} Qc6 {[%clk 0:36:59]} 42. Rf1 {[%clk 0:18:58]} Re5 {[%clk
0:36:23]} 43. Rfd1 {[%clk 0:16:02]} Rxf5 {[%clk 0:32:45]} 44. Bxd6 {[%clk
0:11:26]} Ba8 {[%clk 0:28:34]} 45. b4 {[%clk 0:09:49]} Rd7 {[%clk 0:26:12]} 46.
Rd4 {[%clk 0:07:55]} Qa4 {[%clk 0:18:48]} 47. c4 {[%clk 0:07:54]} Bc6 {[%clk
0:19:15]} 48. R4d2 {[%clk 0:07:44]} Rb7 {[%clk 0:18:09]} 49. Bg3 {[%clk 0:05:29]}
Rd7 {[%clk 0:17:06]} 50. Qb6 {[%clk 0:04:51]} Qxd1+ {[%clk 0:14:10]} 51. Rxd1
{[%clk 0:05:17]} Rxd1+ {[%clk 0:14:36]} 52. Kh2 {[%clk 0:05:44]} Kd7 {[%clk
0:14:49]} 53. Qc7+ {[%clk 0:06:08]} Ke6 {[%clk 0:15:15]} 54. Qxc6+ {[%clk
0:06:34]} Kf7 {[%clk 0:15:41]} 55. Qb7+ {[%clk 0:06:23]} 1-0